Povinný predaj v zákone

Squeeze-out, nútený výkup menšinových akcionárov. Nevyhnutné predpoklady. Postup pri uplatňovaní práva výkupu. Primerané protiplnenie. Nová úprava.

Saved in:
Bibliographic Details
Main Author: Kuklis, Rastislav
Format: Book Chapter
Language:Slovak
Subjects:
Tags: Add Tag
No Tags, Be the first to tag this record!

MARC

LEADER 00000naa$a2200000$$$4500
001 0053514
005 20231019084819.8
041 0 |a slo 
044 |a SK 
245 1 0 |a Povinný predaj v zákone  |c Rastislav Kuklis 
520 |a Squeeze-out, nútený výkup menšinových akcionárov. Nevyhnutné predpoklady. Postup pri uplatňovaní práva výkupu. Primerané protiplnenie. Nová úprava. 
610 2 0 |a akcionári 
610 2 0 |a právo 
610 2 0 |a výkup 
610 2 0 |a akcie 
100 1 |a Kuklis, Rastislav